000 00738nam a2200217Ia 4500
001 11320
003 GE_BSU
008 181216s||||||||xx |||||||||||||| ||und||
040 _cGE_BSU
080 _a544(075.8)
100 _aკოკოჩაშვილი, ვიქტორ
245 _aფიზიკური ქიმია
245 _bსახელმძღვანელო სტუდენტებისათვის
245 _cრედ: ჯ. ჯაფარიძე
260 _aთბილისი
260 _bთბილისის უნ–ტის გამ–ბა.
260 _c1974
300 _a439გვ.22სმ.
653 _aფიზიკური ქიმია
942 _cBK
999 _c44517
_d44517